| 000 | 00370 a2200145 4500 | ||
|---|---|---|---|
| 999 |
_c4168 _d4168 |
||
| 020 | _a0869255053 | ||
| 050 | _aPR9390.9 NDH 1995 | ||
| 100 |
_aNdhlala, Geoffrey _eauthor |
||
| 245 |
_aJikinya / _cGeoffrey Ndhlala |
||
| 264 |
_aHarare _bThe College Press _c1995 |
||
| 300 | _a118p. : | ||
| 500 | _aNovel | ||
| 650 | _aZimbabwe--Fiction. | ||
| 942 |
_2lcc _cBK _h9390.9 _iNDH _kPR |
||